[Event "Montevideo U1700 op"]
[Site "Montevideo"]
[Date "2022.10.02"]
[Round "5"]
[White "Mazzeo, Jose"]
[Black "Pereira, Gerardo"]
[Result "0-1"]
[WhiteElo "1385"]
[BlackElo "1316"]
[PlyCount "134"]
[EventDate "2022.10.01"]
[EventType "swiss"]
[EventRounds "5"]
[EventCountry "URU"]
[SourceTitle "EXT 2023"]
[Source "ChessBase"]
[SourceDate "2022.10.05"]
[SourceVersion "1"]
[SourceVersionDate "2022.10.05"]
[SourceQuality "1"]

1. d4 Nf6 2. Bf4 e6 3. e3 d5 4. Bd3 c5 5. c3 Nc6 6. Nd2 c4 7. Bc2 Be7 8. Ngf3 h6 9. h4 Bd6 10. Bxd6 Qxd6 11. Qe2 b5 12. e4 Qe7 13. e5 Nh7 14. 0-0 a5 15. Nh2 Qxh4 16. f4 Qe7 17. Qf2 f5 18. Bd1 g6 19. Nhf3 Ba6 20. Nh4 Nf8 21. Nhf3 b4 22. Rb1 Bb5 23. a4 Ba6 24. Be2 b3 25. Qg3 Qh7 26. Kf2 Ra7 27. Rh1 Qg8 28. Rh3 Rah7 29. Rbh1 Nd8 30. Qh2 Nf7 31. Nf1 Bc8 32. Ne3 Bd7 33. g4 g5 34. Rg1 Rg7 35. fxg5 hxg5 36. Rxh8 Qxh8 37. Qg2 f4 38. Nf1 Rh7 39. N1d2 Ng6 40. Bd1 Rh6 41. Ke1 Nh4 42. Nxh4 Rxh4 43. Nf3 Rh6 44. Kd2 Qh7 45. Qe2 Qb1 46. Ke1 Qh7 47. Kf1 Rh1 48. Qg2 Rxg1+ 49. Qxg1 Qd3+ 50. Kf2 Qe3+ 51. Kg2 Qxg1+ 52. Kxg1 Bxa4 53. Kf2 Bb5 54. Nd2 Nh6 55. Nb1 a4 56. Na3 Bd7 57. Kf3 Ke7 58. Be2 Be8 59. Bd1 Bg6 60. Kf2 Be4 61. Bf3 Bc2 62. Ke1 Bd3 63. Kd2 Kd7 64. Ke1 Kc6 65. Kd2 Bf1 66. Ke1 Bh3 67. Kf2 Nxg4+ 0-1

[Event "Montevideo U1700 op"]
[Site "Montevideo"]
[Date "2022.10.01"]
[Round "3"]
[White "Paiva, Gaston"]
[Black "Pereira, Gerardo"]
[Result "1-0"]
[WhiteElo "1299"]
[BlackElo "1316"]
[PlyCount "57"]
[EventDate "2022.10.01"]
[EventType "swiss"]
[EventRounds "5"]
[EventCountry "URU"]
[SourceTitle "EXT 2023"]
[Source "ChessBase"]
[SourceDate "2022.10.05"]
[SourceVersion "1"]
[SourceVersionDate "2022.10.05"]
[SourceQuality "1"]

1. d4 e5 2. dxe5 Nc6 3. Nf3 Qe7 4. Bf4 Qb4+ 5. Bd2 Qxb2 6. Nc3 Nb4 7. Nd4 c5 8. Rb1 Qa3 9. Rb3 Qa6 10. Ndb5 Qc6 11. a3 a6 12. axb4 axb5 13. bxc5 Qxc5 14. Rxb5 Qa3 15. e3 Bb4 16. Nd5 Bxd2+ 17. Qxd2 Qa1+ 18. Qd1 Qxe5 19. f4 Qa1 20. Nc7+ Kf8 21. Nxa8 Qxa8 22. Bd3 Nf6 23. 0-0 g6 24. Qd2 Kg7 25. Qc3 Qa7 26. Rc5 Qb8 27. Rb1 Re8 28. Rb6 d6 29. Rc7 1-0

[Event "Montevideo U1700 op"]
[Site "Montevideo"]
[Date "2022.10.01"]
[Round "2"]
[White "Pereira, Gerardo"]
[Black "Diaz Delograsi, Francisco"]
[Result "1-0"]
[WhiteElo "1316"]
[BlackElo "1027"]
[PlyCount "21"]
[EventDate "2022.10.01"]
[EventType "swiss"]
[EventRounds "5"]
[EventCountry "URU"]
[SourceTitle "EXT 2023"]
[Source "ChessBase"]
[SourceDate "2022.10.05"]
[SourceVersion "1"]
[SourceVersionDate "2022.10.05"]
[SourceQuality "1"]

1. d4 Nf6 2. c4 g6 3. Nc3 Bg7 4. g3 0-0 5. Bg2 d6 6. Nf3 c5 7. d5 Qa5 8. Bd2 a6 9. a4 Qb6 10. a5 Qxb2 11. Na4 1-0

[Event "Punta del Este Alekhine op"]
[Site "Punta del Este"]
[Date "2020.03.07"]
[Round "2"]
[White "Pereira, Gerardo"]
[Black "Guerra Guerra, Miguel"]
[Result "0-1"]
[WhiteElo "1333"]
[BlackElo "1627"]
[PlyCount "54"]
[EventDate "2020.03.06"]
[EventType "swiss"]
[EventRounds "5"]
[EventCountry "URU"]
[SourceTitle "EXT 2021"]
[Source "ChessBase"]
[SourceDate "2020.10.23"]
[SourceVersion "1"]
[SourceVersionDate "2020.10.23"]
[SourceQuality "1"]

1. e4 c5 2. Nf3 e6 3. b3 Nc6 4. Bb2 d6 5. Be2 Nf6 6. d3 g6 7. Nbd2 Bg7 8. h3 a6 9. a3 b5 10. c4 Qc7 11. Bc3 0-0 12. 0-0 Bb7 13. Nh2 e5 14. Ndf3 Nd7 15. Bd2 f5 16. Ng5 Rae8 17. Bh5 gxh5 18. Qxh5 Nf6 19. Qh4 h6 20. Ngf3 f4 21. Ng4 Nxg4 22. Qxg4 Qf7 23. Nh4 Bc8 24. Qg6 Qxg6 25. Nxg6 Rf6 26. Nh4 Nd4 27. Bc3 Ne2+ 0-1

[Event "Montevideo Trebejos op U1700"]
[Site "Montevideo"]
[Date "2020.02.03"]
[Round "5"]
[White "Olivera, Omar"]
[Black "Pereira, Gerardo"]
[Result "1/2-1/2"]
[WhiteElo "1284"]
[BlackElo "1322"]
[PlyCount "50"]
[EventDate "2020.01.20"]
[EventType "swiss"]
[EventRounds "6"]
[EventCountry "URU"]
[SourceTitle "CBM 195 Extra"]
[Source "ChessBase"]
[SourceDate "2020.05.31"]
[SourceVersion "1"]
[SourceVersionDate "2020.05.31"]
[SourceQuality "1"]

1. d4 e6 2. Bf4 Nf6 3. e3 b6 4. Nd2 Bb7 5. Ngf3 h6 6. h3 a6 7. Be2 Be7 8. 0-0 0-0 9. c3 a5 10. a4 d5 11. Ne5 Nbd7 12. Ndf3 Nxe5 13. Nxe5 Nd7 14. Bd3 Nxe5 15. dxe5 Bg5 16. Be2 Bxf4 17. exf4 Ba6 18. Bxa6 Rxa6 19. Qe2 Ra8 20. Rfd1 Qc8 21. Qg4 Qe8 22. Rd3 f5 23. Qh4 Qd8 24. Qh5 Qe8 25. Qh4 Qd8 1/2-1/2

[Event "Montevideo Trebejos op U1700"]
[Site "Montevideo"]
[Date "2020.01.31"]
[Round "4"]
[White "Moreno, Diego"]
[Black "Pereira, Gerardo"]
[Result "1/2-1/2"]
[WhiteElo "1486"]
[BlackElo "1322"]
[PlyCount "68"]
[EventDate "2020.01.20"]
[EventType "swiss"]
[EventRounds "6"]
[EventCountry "URU"]
[SourceTitle "CBM 195 Extra"]
[Source "ChessBase"]
[SourceDate "2020.05.31"]
[SourceVersion "1"]
[SourceVersionDate "2020.05.31"]
[SourceQuality "1"]

1. e4 e5 2. Nf3 Nc6 3. Bc4 Nf6 4. Ng5 d5 5. exd5 Nd4 6. c3 Nf5 7. 0-0 Nxd5 8. d3 h6 9. Nf3 Nb6 10. Bxf7+ Kxf7 11. Nxe5+ Kg8 12. Ng6 Rh7 13. Qb3+ Qd5 14. Qxd5+ Nxd5 15. Be3 Nde7 16. Ne5 Nxe3 17. fxe3 Be6 18. Nd2 g6 19. Rf6 Bf7 20. Raf1 Nf5 21. Nxf7 Kg7 22. Re6 Kxf7 23. Re5 Re8 24. Re4 Be7 25. g4 Bg5 26. gxf5 Rxe4 27. Nxe4 Bxe3+ 28. Kg2 gxf5 29. Rxf5+ Ke6 30. Rf6+ Ke5 31. Kf3 Bg5 32. Nxg5 hxg5 33. Rf8 Rxh2 34. d4+ Kd6 1/2-1/2

[Event "Montevideo Trebejos op U1700"]
[Site "Montevideo"]
[Date "2020.01.20"]
[Round "1"]
[White "Bon, Charles"]
[Black "Pereira, Gerardo"]
[Result "0-1"]
[WhiteElo "1614"]
[BlackElo "1322"]
[PlyCount "50"]
[EventDate "2020.01.20"]
[EventType "swiss"]
[EventRounds "6"]
[EventCountry "URU"]
[SourceTitle "CBM 195 Extra"]
[Source "ChessBase"]
[SourceDate "2020.05.31"]
[SourceVersion "1"]
[SourceVersionDate "2020.05.31"]
[SourceQuality "1"]

1. e4 e5 2. Nf3 Nc6 3. Bb5 Nge7 4. c3 a6 5. Ba4 b6 6. 0-0 Bb7 7. d4 exd4 8. cxd4 Ng6 9. Nc3 Be7 10. Re1 0-0 11. Bc2 Nb4 12. Bb1 d6 13. a3 Nc6 14. Nd5 h6 15. Nxe7+ Qxe7 16. b4 Qf6 17. Bb2 Nh4 18. Nxh4 Qxh4 19. Qd3 Ne7 20. d5 Ng6 21. Qc3 Ne5 22. g3 Qg4 23. Kg2 f6 24. f4 Ng6 25. Qf3 Nh4+ 0-1

[Event "Punta del Este Interdepartamental"]
[Site "Punta del Este"]
[Date "2019.08.25"]
[Round "5.3"]
[White "Chinelli, Gabriel"]
[Black "Pereira, Gerardo"]
[Result "1-0"]
[WhiteElo "1698"]
[BlackElo "1331"]
[PlyCount "91"]
[EventDate "2019.08.23"]
[EventType "team-swiss"]
[EventRounds "5"]
[EventCountry "URU"]
[SourceTitle "EXT 2020"]
[Source "ChessBase"]
[SourceDate "2019.10.17"]
[SourceVersion "1"]
[SourceVersionDate "2019.10.17"]
[SourceQuality "1"]
[WhiteTeam "Canelones Pando"]
[BlackTeam "Colonia"]
[WhiteTeamCountry "URU"]
[BlackTeamCountry "URU"]

1. e4 e5 2. d4 d6 3. dxe5 dxe5 4. Qxd8+ Kxd8 5. Bc4 f6 6. Be3 Nc6 7. Nc3 Bb4 8. 0-0-0+ Bd6 9. Bc5 Kd7 10. Nb5 Nd4 11. Nxd6 cxd6 12. Bxd4 exd4 13. Rxd4 a6 14. Ne2 Ne7 15. Rhd1 d5 16. Nc3 Kc6 17. exd5+ Kb6 18. b4 Bd7 19. Bb3 Nf5 20. Re4 Nd6 21. Re7 Kc7 22. Rxg7 Rag8 23. Rxg8 Rxg8 24. g3 Re8 25. Rd4 h5 26. Na4 b6 27. Nc3 Kb7 28. Rd2 Bg4 29. Rd3 Re1+ 30. Kb2 Kc7 31. Re3 Rf1 32. f4 Kd7 33. Ne4 Nxe4 34. Rxe4 Bf5 35. Rc4 Rf2 36. Rc6 Rxh2 37. Rxf6 Bg4 38. Rxb6 Rg2 39. Rxa6 Rxg3 40. Ba4+ Kd8 41. Rh6 Rf3 42. Rh8+ Ke7 43. Rh6 Rxf4 44. d6+ Kf7 45. a3 Rd4 46. d7 1-0

[Event "Punta del Este Interdepartamental"]
[Site "Punta del Este"]
[Date "2019.08.24"]
[Round "3.3"]
[White "Pereira, Gerardo"]
[Black "Silvera, Pilar"]
[Result "0-1"]
[WhiteElo "1331"]
[BlackElo "1221"]
[PlyCount "108"]
[EventDate "2019.08.23"]
[EventType "team-swiss"]
[EventRounds "5"]
[EventCountry "URU"]
[SourceTitle "EXT 2020"]
[Source "ChessBase"]
[SourceDate "2019.10.17"]
[SourceVersion "1"]
[SourceVersionDate "2019.10.17"]
[SourceQuality "1"]
[WhiteTeam "Colonia"]
[BlackTeam "Treinta y Tres"]
[WhiteTeamCountry "URU"]
[BlackTeamCountry "URU"]

1. d4 f5 2. c4 Nf6 3. Nc3 e6 4. h3 d5 5. Bg5 c6 6. e3 Bd6 7. c5 Bc7 8. a3 a5 9. Bd3 Nbd7 10. f4 0-0 11. Bh4 Qe8 12. Be2 Qg6 13. g4 Qh6 14. Bf2 fxg4 15. Bxg4 Nxg4 16. Qxg4 e5 17. Qg5 Qxg5 18. fxg5 exd4 19. exd4 Bf4 20. h4 h6 21. Nh3 Re8+ 22. Ne2 Be3 23. gxh6 Bxh6 24. Ng5 Nf6 25. Bg3 Bg4 26. Be5 Nd7 27. Rg1 Nxe5 28. dxe5 Bf5 29. Kd2 Rxe5 30. Rgf1 Rae8 31. Nf4 Bc8 32. Rf2 Bxg5 33. hxg5 Rxg5 34. Rh1 Rf5 35. Rh4 Re4 36. Rfh2 Kf7 37. Nh5 Rxh4 38. Rxh4 Rf2+ 39. Kc3 Rf3+ 40. Kd4 g6 41. Nf4 g5 42. Rh7+ Kg8 43. Rc7 Rxf4+ 44. Ke3 Rf8 45. Re7 Rf7 46. Re5 g4 47. Ke2 g3 48. Rg5+ Rg7 49. Rxg7+ Kxg7 50. Kf3 d4 51. Kxg3 d3 52. Kf2 Bf5 53. b3 Kf6 54. b4 a4 0-1

[Event "Montevideo Duchamp Cup 3rd"]
[Site "Montevideo"]
[Date "2019.02.10"]
[Round "3"]
[White "Pereira, Gerardo"]
[Black "Bon, Charles"]
[Result "0-1"]
[WhiteElo "1348"]
[BlackElo "1666"]
[PlyCount "52"]
[EventDate "2019.02.09"]
[EventType "swiss"]
[EventRounds "9"]
[EventCountry "URU"]
[SourceTitle "CBM 188 Extra"]
[Source "ChessBase"]
[SourceDate "2019.02.26"]
[SourceVersion "1"]
[SourceVersionDate "2019.02.26"]
[SourceQuality "1"]

1. e4 c5 2. Nf3 d6 3. c3 Nf6 4. d3 g6 5. h3 Bg7 6. Be3 Nc6 7. e5 Nd5 8. exd6 Nxe3 9. dxe7 Nxg2+ 10. Bxg2 Qxe7+ 11. Qe2 Qxe2+ 12. Kxe2 0-0 13. Re1 Bf5 14. Nh4 Rfe8+ 15. Kd2 Rxe1 16. Kxe1 Bxd3 17. Bxc6 bxc6 18. Ng2 Rb8 19. b3 c4 20. Nf4 Bf5 21. Nd2 cxb3 22. axb3 Bxc3 23. Rxa7 Rxb3 24. Kd1 Rb2 25. Nc4 Rxf2 26. Ne2 Rf1# 0-1

[Event "URU-ch Seniors 50"]
[Site "Montevideo"]
[Date "2018.06.16"]
[Round "3.6"]
[White "Pereira, Gerardo"]
[Black "Pelaez, Diego"]
[Result "0-1"]
[WhiteElo "1351"]
[BlackElo "1666"]
[PlyCount "142"]
[EventDate "2018.06.15"]
[EventType "swiss"]
[EventRounds "5"]
[EventCountry "URU"]
[SourceTitle "EXT 2019"]
[Source "ChessBase"]
[SourceDate "2018.10.10"]
[SourceVersion "1"]
[SourceVersionDate "2018.10.10"]
[SourceQuality "1"]

1. e4 g6 2. d4 Bg7 3. c3 d6 4. Nf3 Nf6 5. Bd3 0-0 6. h3 b6 7. Qc2 Nbd7 8. Bc4 Bb7 9. Qd3 Bxe4 10. Qe2 c5 11. Bd3 Bxd3 12. Qxd3 Qc7 13. Be3 c4 14. Qd2 Ne4 15. Qc1 Rfe8 16. Nbd2 Ndf6 17. Nxe4 Nxe4 18. Nd2 Nf6 19. 0-0 d5 20. Nf3 Nd7 21. Re1 f6 22. Qd2 Rad8 23. Re2 e5 24. Rae1 e4 25. Bf4 Qc8 26. Nh2 Nf8 27. f3 f5 28. Bg5 Rd6 29. fxe4 dxe4 30. Be3 Ne6 31. Rf1 Red8 32. Kh1 Nc5 33. Bf4 Rd5 34. Qc1 Nd3 35. Qe3 b5 36. a3 R8d7 37. g4 Rf7 38. Rg1 Nxf4 39. Qxf4 Qc7 40. Qe3 Qe7 41. gxf5 gxf5 42. Reg2 Rd7 43. Qf4 Qd6 44. Qe3 Rde7 45. Rf2 f4 46. Qe2 Qh6 47. Qg4 Re6 48. Qg2 f3 49. Qg3 Qf4 50. Ng4 Qxg3 51. Rxg3 e3 52. Rf1 e2 53. Re1 f2 54. Nxf2 Rxf2 55. Kg1 Rf7 56. Rg2 Rf1+ 57. Rxf1 exf1Q+ 58. Kxf1 Kf7 59. Rg5 a6 60. Rc5 Bf8 61. Rh5 h6 62. Kf2 Be7 63. Rf5+ Rf6 64. Rf3 Kg6 65. Kg3 Rxf3+ 66. Kxf3 Kf5 67. Ke3 Bg5+ 68. Kf3 Bc1 69. d5 Ke5 70. Kg4 Kxd5 71. Kh5 Ke4 0-1

[Event "Montevideo Noches de Misterio op"]
[Site "Montevideo"]
[Date "2018.05.02"]
[Round "3"]
[White "Pereira, Gerardo"]
[Black "Ortiz, Soledad"]
[Result "0-1"]
[WhiteElo "1354"]
[BlackElo "1774"]
[PlyCount "113"]
[EventDate "2018.04.18"]
[EventType "swiss"]
[EventRounds "6"]
[EventCountry "URU"]
[SourceTitle "CBM 184 Extra"]
[Source "ChessBase"]
[SourceDate "2018.06.28"]
[SourceVersion "1"]
[SourceVersionDate "2018.06.28"]
[SourceQuality "1"]

1. e4 c5 2. Nf3 d6 3. c3 Nc6 4. Bb5 Bd7 5. 0-0 g6 6. d4 cxd4 7. Nxd4 Qc7 8. Re1 Bg7 9. Nxc6 Bxc6 10. Bxc6+ Qxc6 11. Be3 e6 12. Nd2 Ne7 13. Nf3 0-0 14. Qd2 d5 15. Bd4 dxe4 16. Ng5 Rad8 17. Nxe4 e5 18. Qg5 f6 19. Qe3 Nf5 20. Qf3 exd4 21. Rad1 dxc3 22. bxc3 Rxd1 23. Qxd1 Re8 24. Ng3 Rxe1+ 25. Qxe1 Nxg3 26. hxg3 f5 27. c4 Kf7 28. Qd2 Bf6 29. Qd3 a6 30. Qb3 Ke6 31. Qd3 Qe4 32. Qb3 Bd4 33. c5+ Qd5 34. Qb6+ Qc6 35. Qb3+ Kf6 36. Qb4 Bxc5 37. Qb2+ Ke6 38. Qb3+ Qd5 39. Qa4 Ke7 40. Qh4+ Ke6 41. Qxh7 Qd1+ 42. Kh2 Qh5+ 43. Qxh5 gxh5 44. Kg1 b5 45. Kf1 Ke5 46. Ke2 a5 47. f3 a4 48. Kd3 Kd5 49. Kc3 b4+ 50. Kd3 Bd4 51. Kd2 Kc4 52. Kc2 a3 53. g4 hxg4 54. fxg4 fxg4 55. Kd2 b3 56. axb3+ Kxb3 57. Kc1 0-1

[Event "Montevideo Duchamp Cup 2nd"]
[Site "Montevideo"]
[Date "2018.02.03"]
[Round "3"]
[White "Rouiller, Cristopher"]
[Black "Pereira, Gerardo"]
[Result "1/2-1/2"]
[WhiteElo "1624"]
[BlackElo "1341"]
[PlyCount "79"]
[EventDate "2018.02.02"]
[EventType "swiss"]
[EventRounds "9"]
[EventCountry "URU"]
[SourceTitle "CBM 182 Extra"]
[Source "ChessBase"]
[SourceDate "2018.02.23"]
[SourceVersion "1"]
[SourceVersionDate "2018.02.23"]
[SourceQuality "1"]

1. d4 e6 2. Bf4 Nf6 3. e3 b6 4. Bd3 Bb7 5. Nf3 h6 6. h3 Qe7 7. c3 d6 8. 0-0 Nbd7 9. Bh2 a6 10. Nbd2 c5 11. Rc1 b5 12. a4 c4 13. Bc2 g5 14. Ne1 h5 15. f3 Bh6 16. Qe2 Nd5 17. Ne4 e5 18. dxe5 dxe5 19. Rd1 g4 20. Nd6+ Qxd6 21. e4 Qc5+ 22. Kh1 Ne3 23. Bg1 Nxf1 24. Qxf1 Be3 25. Bxe3 Qxe3 26. fxg4 0-0-0 27. Qf5 Kb8 28. Nf3 f6 29. Rxd7 Qc1+ 30. Bd1 Bxe4 31. Rxd8+ Rxd8 32. Qxe4 Qxd1+ 33. Kh2 Rd3 34. axb5 axb5 35. gxh5 Qc1 36. Qc6 Qf4+ 37. Kg1 Rd1+ 38. Kf2 Rd2+ 39. Kg1 Rd1+ 40. Kf2 1/2-1/2

[Event "Montevideo La Proa op 1st"]
[Site "Montevideo"]
[Date "2017.10.04"]
[Round "2"]
[White "Fernandez Cuneo, Carlos"]
[Black "Pereira, Gerardo"]
[Result "1-0"]
[WhiteElo "1680"]
[BlackElo "1416"]
[PlyCount "76"]
[EventDate "2017.09.27"]
[EventType "swiss"]
[EventRounds "5"]
[EventCountry "URU"]
[SourceTitle "EXT 2019"]
[Source "ChessBase"]
[SourceDate "2018.10.10"]
[SourceVersion "1"]
[SourceVersionDate "2018.10.10"]
[SourceQuality "1"]

1. e4 e5 2. f4 d5 3. exd5 exf4 4. Nf3 Bc5 5. d4 Bd6 6. c4 c5 7. dxc5 Bxc5 8. Bxf4 Bg4 9. Nc3 Nf6 10. Qe2+ Qe7 11. d6 Qxe2+ 12. Bxe2 0-0 13. 0-0-0 Nbd7 14. h3 Be6 15. g4 Rac8 16. Ng5 Bb4 17. Nxe6 fxe6 18. g5 Ne4 19. Nxe4 Rxf4 20. Nc3 a6 21. Bg4 Kf7 22. Rhe1 Re8 23. Rf1 Bxd6 24. Ne4 Ke7 25. Nxd6 Rxf1 26. Nxe8 Rxd1+ 27. Kxd1 Kxe8 28. Bxe6 b6 29. Bxd7+ Kxd7 30. Kd2 Kd6 31. Kd3 Kc5 32. a3 a5 33. Kc3 a4 34. h4 g6 35. Kd3 b5 36. cxb5 Kxb5 37. Kd4 Kb6 38. Kc4 Ka5 1-0

[Event "Montevideo La Proa op 1st"]
[Site "Montevideo"]
[Date "2017.09.27"]
[Round "1"]
[White "Pereira, Gerardo"]
[Black "Martinez Fernandez, Fernando"]
[Result "0-1"]
[WhiteElo "1416"]
[BlackElo "1877"]
[PlyCount "60"]
[EventDate "2017.09.27"]
[EventType "swiss"]
[EventRounds "5"]
[EventCountry "URU"]
[SourceTitle "EXT 2019"]
[Source "ChessBase"]
[SourceDate "2018.10.10"]
[SourceVersion "1"]
[SourceVersionDate "2018.10.10"]
[SourceQuality "1"]

1. d4 d5 2. c4 c6 3. Nf3 Nf6 4. e3 Bf5 5. Qb3 Qc8 6. Nc3 e6 7. Nh4 Bg4 8. h3 Bh5 9. Bd3 dxc4 10. Bxc4 Be7 11. g4 Bg6 12. Nxg6 hxg6 13. g5 Nd5 14. e4 Nxc3 15. bxc3 b5 16. Be2 Nd7 17. e5 Nb6 18. h4 a5 19. a4 b4 20. c4 Qd7 21. Be3 Qc7 22. 0-0-0 Rd8 23. Qc2 c5 24. h5 gxh5 25. Bxh5 Rf8 26. Qh7 cxd4 27. Bxf7+ Rxf7 28. Bd2 Qxc4+ 29. Kb2 Nxa4+ 30. Ka1 Qb3 0-1

[Event "URU-chTB"]
[Site "Uruguay"]
[Date "2017.07.09"]
[Round "5.4"]
[White "Choca, Andres"]
[Black "Pereira, Gerardo"]
[Result "1/2-1/2"]
[WhiteElo "2041"]
[BlackElo "1364"]
[PlyCount "54"]
[EventDate "2017.07.07"]
[EventType "team-swiss"]
[EventRounds "5"]
[EventCountry "URU"]
[SourceTitle "EXT 2018"]
[Source "ChessBase"]
[SourceDate "2017.10.13"]
[SourceVersion "1"]
[SourceVersionDate "2017.10.13"]
[SourceQuality "1"]
[WhiteTeam "Enroque Largo"]
[BlackTeam "LP Zugzwang"]
[WhiteTeamCountry "URU"]
[BlackTeamCountry "URU"]

1. d4 d5 2. c4 c6 3. Nc3 e6 4. Nf3 h6 5. Bf4 Bd6 6. Bxd6 Qxd6 7. e3 Nd7 8. cxd5 cxd5 9. Bd3 Ngf6 10. Rc1 a6 11. 0-0 b5 12. Re1 0-0 13. e4 dxe4 14. Nxe4 Nxe4 15. Bxe4 Ra7 16. d5 Nf6 17. dxe6 Qxd1 18. exf7+ Raxf7 19. Rcxd1 Nxe4 20. Rxe4 Bb7 21. Re3 Bxf3 22. gxf3 Rxf3 23. Rxf3 Rxf3 24. Kg2 Rf6 25. Rd7 Kh7 26. b3 Rc6 27. Ra7 Kg6 1/2-1/2

[Event "URU-chTB"]
[Site "Uruguay"]
[Date "2017.07.08"]
[Round "3.4"]
[White "Pereira, Gerardo"]
[Black "Arias, Cesar"]
[Result "1-0"]
[WhiteElo "1364"]
[BlackElo "1602"]
[PlyCount "65"]
[EventDate "2017.07.07"]
[EventType "team-swiss"]
[EventRounds "5"]
[EventCountry "URU"]
[SourceTitle "EXT 2018"]
[Source "ChessBase"]
[SourceDate "2017.10.13"]
[SourceVersion "1"]
[SourceVersionDate "2017.10.13"]
[SourceQuality "1"]
[WhiteTeam "LP Zugzwang"]
[BlackTeam "LP Vladivostok"]
[WhiteTeamCountry "URU"]
[BlackTeamCountry "URU"]

1. d4 Nf6 2. f4 d5 3. Nf3 c5 4. c3 Nc6 5. e3 a6 6. Be2 Bf5 7. Bd3 Ne4 8. Nbd2 e6 9. Bc2 cxd4 10. Nxe4 dxe4 11. Nxd4 Nxd4 12. Qxd4 Qxd4 13. cxd4 Bb4+ 14. Bd2 Bxd2+ 15. Kxd2 h6 16. h3 0-0 17. g4 Bg6 18. Bd1 f5 19. Rc1 Rac8 20. Bb3 Bf7 21. Rc3 Rxc3 22. bxc3 Rc8 23. a4 Kf8 24. Rb1 Rc7 25. c4 Ke7 26. c5 Kd7 27. gxf5 Ke7 28. fxe6 Bxe6 29. Bxe6 Kxe6 30. Kc3 Kd5 31. Rb6 Rd7 32. a5 h5 33. h4 1-0

[Event "URU-chTB"]
[Site "Uruguay"]
[Date "2017.07.08"]
[Round "4.4"]
[White "Pereira, Gerardo"]
[Black "Perrachon, Marcos"]
[Result "1-0"]
[WhiteElo "1364"]
[BlackElo "1360"]
[PlyCount "59"]
[EventDate "2017.07.07"]
[EventType "team-swiss"]
[EventRounds "5"]
[EventCountry "URU"]
[SourceTitle "EXT 2018"]
[Source "ChessBase"]
[SourceDate "2017.10.13"]
[SourceVersion "1"]
[SourceVersionDate "2017.10.13"]
[SourceQuality "1"]
[WhiteTeam "LP Zugzwang"]
[BlackTeam "LP Juvenil"]
[WhiteTeamCountry "URU"]
[BlackTeamCountry "URU"]

1. d4 d5 2. e3 Nf6 3. c4 e6 4. Nc3 Be7 5. c5 b6 6. b4 0-0 7. Nf3 Nc6 8. a3 a5 9. b5 Na7 10. c6 Bd6 11. Bd3 Re8 12. Ne5 Bxe5 13. dxe5 Ne4 14. Nxe4 dxe4 15. Be2 Qxd1+ 16. Kxd1 Rd8+ 17. Ke1 Rd5 18. Bb2 Nxb5 19. Bc4 Rc5 20. Rc1 Ba6 21. a4 Nc3 22. Bxa6 Nxa4 23. Rxc5 bxc5 24. Bb7 Rb8 25. Ba1 c4 26. Ke2 c3 27. Rc1 Nc5 28. Bxc3 Nxb7 29. cxb7 Rxb7 30. Bxa5 1-0

[Event "Montevideo Duchamp Cup 1st"]
[Site "Montevideo"]
[Date "2017.02.10"]
[Round "2"]
[White "Larrea, Daniela"]
[Black "Pereira, Gerardo"]
[Result "1-0"]
[WhiteElo "1748"]
[BlackElo "1400"]
[PlyCount "95"]
[EventDate "2017.02.09"]
[EventType "swiss"]
[EventRounds "9"]
[EventCountry "URU"]
[SourceTitle "CBM 176 Extra"]
[Source "ChessBase"]
[SourceDate "2017.03.02"]
[SourceVersion "1"]
[SourceVersionDate "2017.03.02"]
[SourceQuality "1"]

1. d4 d5 2. e3 Nf6 3. f4 e6 4. Nf3 Nc6 5. c3 Be7 6. Bd3 Bd7 7. 0-0 h6 8. Nbd2 Bd6 9. Ne5 Ne7 10. g4 a6 11. Ndf3 Bb5 12. g5 Ne4 13. c4 Bc6 14. c5 Bxe5 15. Nxe5 h5 16. Nxc6 bxc6 17. Qc2 f5 18. gxf6 gxf6 19. Bxe4 dxe4 20. Qxe4 Qd5 21. Qxd5 cxd5 22. Bd2 a5 23. Kf2 f5 24. Rg1 c6 25. Rg7 Kf8 26. Rag1 a4 27. R7g5 Rb8 28. Rb1 Kf7 29. Ba5 Rb7 30. Bc3 Ng6 31. Rbg1 Rh6 32. Ke2 Kf6 33. Kd3 Kf7 34. Kc2 Kf6 35. Ba5 Kf7 36. Bb6 Rb8 37. Kc3 Rg8 38. Kb4 Ra8 39. Ba5 Rb8+ 40. Bb6 Ra8 41. a3 Kf6 42. R1g2 Kf7 43. Ba5 Rb8+ 44. Kxa4 Rb5 45. Bb6 Kf6 46. b4 Kf7 47. Kb3 Kf6 48. a4 1-0

[Event "Montevideo Duchamp Cup 1st"]
[Site "Montevideo"]
[Date "2017.02.09"]
[Round "1"]
[White "Pereira, Gerardo"]
[Black "Rodriguez, Julio"]
[Result "0-1"]
[WhiteElo "1400"]
[BlackElo "1966"]
[PlyCount "86"]
[EventDate "2017.02.09"]
[EventType "swiss"]
[EventRounds "9"]
[EventCountry "URU"]
[SourceTitle "CBM 176 Extra"]
[Source "ChessBase"]
[SourceDate "2017.03.02"]
[SourceVersion "1"]
[SourceVersionDate "2017.03.02"]
[SourceQuality "1"]

1. d4 d5 2. c4 e6 3. Nc3 Nf6 4. h3 Be7 5. Nf3 c6 6. e3 Nbd7 7. c5 0-0 8. Bd3 Qc7 9. Qc2 e5 10. Nh2 e4 11. Be2 Ne8 12. Bd2 f5 13. 0-0-0 b6 14. Na4 bxc5 15. Nxc5 Nxc5 16. dxc5 Nf6 17. Bc3 Nd7 18. Bd4 Qa5 19. a3 Rb8 20. f4 Nxc5 21. Bc3 Nb3+ 22. Kb1 Qb6 23. Nf1 Ba6 24. Re1 Rb7 25. Nd2 Nxd2+ 26. Qxd2 Bxa3 27. b4 Bxb4 28. Kc2 Bxc3 29. Qxc3 Bxe2 30. Rxe2 Rfb8 31. Rc1 Qa6 32. Kd1 Rb1 33. Rec2 Qf1+ 34. Qe1 Rxc1+ 35. Rxc1 Qxg2 36. Rxc6 Rb1+ 37. Rc1 Qf3+ 38. Kc2 Rxc1+ 39. Kxc1 Qxh3 40. Qc3 Qf1+ 41. Kb2 Qe2+ 42. Kb3 Qc4+ 43. Kc2 Qxc3+ 0-1

[Event "IECG CN.2004.0.00368 email"]
[Site "IECG email"]
[Date "2004.06.20"]
[Round "?"]
[White "Portal, Angel"]
[Black "Pereira, Gerardo"]
[Result "1-0"]
[WhiteElo "789"]
[BlackElo "800"]
[PlyCount "69"]
[EventDate "2004.06.20"]
[EventType "tourn (corr)"]
[EventRounds "6"]
[SourceTitle "Corr 2008"]
[Source "ChessBase"]
[SourceDate "2008.06.24"]
[SourceVersion "1"]
[SourceVersionDate "2008.06.24"]
[SourceQuality "1"]

1. e4 e5 2. Nf3 Nc6 3. Bb5 Nf6 4. 0-0 Bc5 5. c3 0-0 6. d4 Bd6 7. Re1 a6 8. Ba4 Ng4 9. d5 b5 10. Bc2 b4 11. dxc6 dxc6 12. c4 Qf6 13. b3 Bc5 14. Qe2 g5 15. Bxg5 Qg7 16. Be3 Bxe3 17. fxe3 f5 18. Nbd2 fxe4 19. Nxe4 Nf6 20. Rad1 Ng4 21. Ng3 c5 22. Be4 Rb8 23. Bd5+ Kh8 24. Nh4 Qh6 25. Rf1 Qxe3+ 26. Kh1 Qxe2 27. Rxf8+ Kg7 28. Rf7+ Kh6 29. Nxe2 Ne3 30. Rd3 Ng4 31. Rdf3 Rb6 32. Nf5+ Kg5 33. h4+ Kh5 34. Rg7 Rg6 35. Neg3# 1-0